| 000 | 00462nam a2200193Ia 4500 | ||
|---|---|---|---|
| 008 | 170918s9999 xx 000 0 und d | ||
| 020 | _a978059013924x | ||
| 050 | _bW847 1994 | ||
| 100 | _aWojciechowski, Susan | ||
| 245 | _aDon't call me Beanhead! / | ||
| 245 | _cby Susan Wojciechowski. | ||
| 260 | _aNew York : | ||
| 260 | _bScholastic, | ||
| 260 | _c1994 | ||
| 300 | _a74 pages : | ||
| 300 | _billustrations ; | ||
| 300 | _c19cm. | ||
| 500 | _a810 | ||
| 999 |
_c343018 _d343018 |
||